Normal view
MARC view
- Schmidt, Eric,
Entry Personal Name
001 - CONTROL NUMBER
- control field: 10375
003 - CONTROL NUMBER IDENTIFIER
- control field: NUST
005 - DATE AND TIME OF LATEST TRANSACTION
- control field: 20180521055641.0
008 - FIXED-LENGTH DATA ELEMENTS
- fixed length control field: 180521|| aca||aabn | a|a d
040 ## - CATALOGING SOURCE
- Original cataloging agency: NUST
- Transcribing agency: NUST
100 ## - HEADING--PERSONAL NAME
- Personal name: Schmidt, Eric,
- Dates associated with a name: 1955 April 27-
670 ## - SOURCE DATA FOUND
- Source citation: Work cat.: (NUST)3994: Schmidt, Eric, 1955 April 27-, The new digital age :, 2014
